Economics of transport: With special reference to transport development in India (Record no. 115612)

MARC details
000 -LEADER
fixed length control field 00451nam a2200169Ia 4500
008 - FIXED-LENGTH DATA ELEMENTS--GENERAL INFORMATION
fixed length control field 230917s9999||||xx |||||||||||||| ||und||
020 ## - ISBN
Price RS16
040 ## - CATALOGING SOURCE
-- 18081
Original cataloging agency VIVEKANANDA LIBRARY
041 ## - Language
-- English
082 ## - DDC NUMBER
Classification number 380.5 S38E
100 ## - MAIN ENTRY--PERSONAL NAME
Personal name Srivastava, S K
245 #0 - TITLE STATEMENT
Title Economics of transport: With special reference to transport development in India
250 ## - EDITION STATEMENT
Edition statement 5th ed.
260 ## - PUBLICATION, DISTRIBUTION, ETC. (IMPRINT)
Place of publication, distribution, etc New Delhi
Name of publisher, distributor, etc S Chand
Date of publication, distribution, etc 1971
300 ## - PHYSICAL DESCRIPTION
Pages xix, 548 p.
942 ## - ADDED ENTRY ELEMENTS (KOHA)
Koha item type Books
Holdings
Withdrawn status Lost status Damaged status Not for loan Location (home branch) Sublocation or collection (holding branch) Date acquired Koha issues (times borrowed) Koha full call number Accession No. Koha date last seen Koha item type
        VIVEKANANDA LIBRARY VIVEKANANDA LIBRARY 08/08/2002   380.5 S38E 20572 17/09/2023 Books
© Designed and Maintained by Vivekananda Library, MDU Rohtak